000 01353nam0a22003731 4500
001 v19\rc\1813836
005 20251118180038.4
035 _a(NLR Aleph) 004938707
090 _a5757622
_c5757622
100 _a20071224d1906 |||y0rusy50 ca
101 1 _arus
_cscc
102 _aRU
105 _aab z |||||
200 1 _aМакедонские славяне
_eЭтногр. исслед.
_fПроф. Иован Цвиич
_g[Предисл.: Иван Ст. Шайкович]
210 _aПетроград
_cтип. А. Бенке
_d1906
215 _a[2], VI, 60, IV с., 2 л. табл., карт.
_d24
225 1 _aСлавянская библиотека доктора философии Ивана Ст. Шайковича
_vВып. 1
320 _aБиблиогр. в примеч.
700 1 _6z01790
_aЦвийич
_bИ.
_f1865-1928
_gИован
702 1 _aШайкович
_bИ. Ст.
_gИван Ст.
_4080
790 1 _6z01700
_aЦвиич
_bИ.
_f1865-1928
_gИован
801 0 _aRU
_bNLR
_gpsbo
801 0 _aRU
_bRuMoRGB
_2psbo
801 1 _aRU
_bProSoft-M
_2rusmarc
852 _aNLR
_j38.49.5.41
899 _aRuMoRGB
_jM 76/470
899 _aRuMoRGB
_jW 29/291
899 _aRuMoRGB
_jU 289/378
899 _aБАН
899 _aНБ СПбГУ
899 _aГПИБ
899 _aНБ МГУ
942 _cBOOK
980 _aNB